00255pab a2200097 454500008003600000100002200036245005000058650001400108650002100122773001400143180718b xxu||||| |||| 00| 0 eng d aGhatak, Aditi Roy aSaving the city: will Calcutta breathe again? a Calcutta aCities and Towns aStatesman